01338naa#a2200217#i#4500001001600000005001700016011001400033100004100047102000700088200020600095210016400301215001000465608004500475675042800520686003800948686004500986700001601031700002601047700003201073856001501105RU\\bibl\11399820260515055843.5##a2071-7318##a20260508b2026####ek#y0rusy0150####ca##aRU1#aУПРАВЛЕНИЕ РЕКОНФИГУРАЦИЕЙ РОБОТА МЕТОДОМ АКТИВНОГО СКАНИРОВАНИЯ И СТРАТЕГИЕЙ НАСЫЩЕНИЯeЖурнальная статья1#aБелгородcБелгородский государственный технологический университет им. В.Г. Шуховаd2026##a9 с.##aЖурнальная статья2local##aЗагрузочно-транспортные устройства. Манипуляторы. Промышленные роботы. 621.865.8aАвтоматика. Теория, методы расчета и аппаратура систем автоматического управления и регулирования. Техническая кибернетика. Техника автоматизации. 681.5##aКибернетика. 32812bbk##aРобототехника. 55.302grnti#1aУgЦюе #1aРачковgМ. Ю.#1aГапоненкоgЕ. В.4#anaukaru.ru